[Event "Saint Louis 1000 IM 01"]
[Site "Saint Louis"]
[Date "2023.01.29"]
[Round "8.5"]
[White "Denby, Caleb Sean"]
[Black "Lee, Alice"]
[Result "0-1"]
[WhiteElo "2195"]
[BlackElo "2300"]
[PlyCount "32"]
[EventDate "2023.01.25"]
[EventType "schev"]
[EventRounds "9"]
[EventCountry "USA"]
[SourceTitle "CBM 212 Extra"]
[Source "ChessBase"]
[SourceDate "2023.03.31"]
[SourceVersion "1"]
[SourceVersionDate "2023.03.31"]
[SourceQuality "1"]
[WhiteTeam "Team A"]
[BlackTeam "Team C"]
[WhiteTeamCountry "USA"]
[BlackTeamCountry "USA"]

1. d4 d5 2. c4 e6 3. Nc3 a6 4. cxd5 exd5 5. Nf3 c6 6. Bf4 Bd6 7. Bxd6 Qxd6 8. e3 Nf6 9. Bd3 0-0 10. Qc2 Bg4 11. Ne5 h6 12. Nxg4 Nxg4 13. h3 Nf6 14. 0-0 Nbd7 15. Rfd1 Rfe8 16. b4 b5 0-1

[Event "Saint Louis 1000 IM 01"]
[Site "Saint Louis"]
[Date "2023.01.27"]
[Round "5.5"]
[White "Yanayt, Eugene"]
[Black "Denby, Caleb Sean"]
[Result "0-1"]
[WhiteElo "1958"]
[BlackElo "2195"]
[PlyCount "42"]
[EventDate "2023.01.25"]
[EventType "schev"]
[EventRounds "9"]
[EventCountry "USA"]
[SourceTitle "CBM 212 Extra"]
[Source "ChessBase"]
[SourceDate "2023.03.31"]
[SourceVersion "1"]
[SourceVersionDate "2023.03.31"]
[SourceQuality "1"]
[WhiteTeam "Team C"]
[BlackTeam "Team A"]
[WhiteTeamCountry "USA"]
[BlackTeamCountry "USA"]

1. d4 Nf6 2. c4 e6 3. g3 d5 4. Nf3 Be7 5. Bg2 0-0 6. 0-0 dxc4 7. Qc2 b6 8. Nfd2 Nd5 9. Nxc4 Bb7 10. Rd1 Nb4 11. Qc3 Bxg2 12. Kxg2 c5 13. Bf4 N8c6 14. Qc1 Nxd4 15. Nc3 Nd5 16. e4 Nxf4+ 17. Qxf4 Qc8 18. Rd2 Qb7 19. f3 f5 20. e5 g5 21. Qe3 g4 0-1

[Event "Saint Louis 1000 IM 01"]
[Site "Saint Louis"]
[Date "2023.01.26"]
[Round "3.5"]
[White "Denby, Caleb Sean"]
[Black "Tsolakidou, Stavroula"]
[Result "0-1"]
[WhiteElo "2195"]
[BlackElo "2353"]
[PlyCount "116"]
[EventDate "2023.01.25"]
[EventType "schev"]
[EventRounds "9"]
[EventCountry "USA"]
[SourceTitle "CBM 212 Extra"]
[Source "ChessBase"]
[SourceDate "2023.03.31"]
[SourceVersion "1"]
[SourceVersionDate "2023.03.31"]
[SourceQuality "1"]
[WhiteTeam "Team A"]
[BlackTeam "Team D"]
[WhiteTeamCountry "USA"]
[BlackTeamCountry "USA"]

1. d4 Nf6 2. c4 g6 3. Nc3 Bg7 4. e4 d6 5. Be2 0-0 6. Nf3 Nbd7 7. 0-0 e5 8. Be3 Qe7 9. dxe5 dxe5 10. Nd5 Qd8 11. Nc3 h6 12. b4 a5 13. a3 Nh5 14. g3 Re8 15. Qd2 Kh7 16. Rfd1 Nhf6 17. c5 Qe7 18. Rac1 axb4 19. axb4 c6 20. b5 Nxc5 21. Bxc5 Qxc5 22. Nd5 Qxf2+ 23. Kxf2 Nxe4+ 24. Kg1 Nxd2 25. Nc7 Nxf3+ 26. Bxf3 e4 27. Nxe8 exf3 28. Nxg7 Bh3 29. Kf2 Kxg7 30. Kxf3 Ra3+ 31. Kf4 cxb5 32. Rc7 Bg2 33. Rd2 Bc6 34. Ke5 Rf3 35. Rd4 g5 36. Re7 h5 37. Kd6 g4 38. Re2 Kg6 39. Ke7 Rf5 40. Kf8 Rf6 41. Ke7 Rf5 42. Kf8 Rd5 43. Rxd5 Bxd5 44. Re5 Bc6 45. Ke7 f5 46. Kd6 b4 47. Kc5 b3 48. Re3 f4 49. Rxb3 h4 50. gxh4 Kh5 51. Kd4 Kxh4 52. Rb2 Kh3 53. Kd3 b5 54. Rc2 Bd5 55. Kd4 Bc4 56. Ke4 f3 57. Kf4 Be2 58. Rb2 f2 0-1

[Event "Saint Louis 1000 IM 2nd"]
[Site "Saint Louis"]
[Date "2022.09.24"]
[Round "7"]
[White "Eckert, Doug D"]
[Black "Denby, Caleb Sean"]
[Result "1/2-1/2"]
[WhiteElo "2165"]
[BlackElo "2201"]
[PlyCount "114"]
[EventDate "2022.09.21"]
[EventType "tourn"]
[EventRounds "9"]
[EventCountry "USA"]
[EventCategory "2"]
[SourceTitle "CBM 210 Extra"]
[Source "ChessBase"]
[SourceDate "2022.11.30"]
[SourceVersion "1"]
[SourceVersionDate "2022.11.30"]
[SourceQuality "1"]

1. d4 Nf6 2. c4 e6 3. Nc3 Bb4 4. Qc2 0-0 5. e4 d5 6. e5 Ne4 7. Bd3 c5 8. Nf3 cxd4 9. Nxd4 dxc4 10. Bxe4 Qxd4 11. Bf4 f5 12. exf6 Qxf6 13. Bxh7+ Kh8 14. Be3 Nc6 15. 0-0-0 Bxc3 16. bxc3 e5 17. Be4 Bf5 18. Bxf5 Qxf5 19. Qxf5 Rxf5 20. Rd5 b6 21. Rhd1 Rc8 22. g4 Rf3 23. h4 Rh3 24. h5 Rh4 25. Rg1 Rc7 26. Kd2 Kg8 27. Ke2 Rh3 28. Rd6 e4 29. Re6 b5 30. Rxe4 Rd7 31. Re6 Ne7 32. Rd1 Nd5 33. Rc1 Nf6 34. Bd4 Kf7 35. Re3 Rxe3+ 36. fxe3 Nxg4 37. Rg1 Nf6 38. Rg5 a6 39. Kf3 Rd8 40. Rc5 Rh8 41. Rc7+ Ke6 42. Rxg7 Rxh5 43. Rg6 Rf5+ 44. Ke2 Kf7 45. Rxf6+ Rxf6 46. Bxf6 Kxf6 47. e4 a5 48. a3 Ke6 49. Kd2 Kd6 50. Ke2 Kc5 51. Ke3 b4 52. cxb4+ axb4 53. axb4+ Kxb4 54. Kd2 c3+ 55. Kc2 Kc4 56. e5 Kd5 57. Kxc3 Kxe5 1/2-1/2